| 000 | 00000nas##2200000za#4500 |
| 001 | 9.510416 |
| 003 | CaOODSP |
| 005 | 20210305151628 |
| 007 | ta |
| 008 | 150406c1991||||xxc|| p #||||f| |0eng|d |
| 022 | |a0829-7460 |
| 040 | |aCaOODSP|beng |
| 041 | |aeng |
| 041 | |afre |
| 043 | |an-cn--- |
| 086 | 1 |aYC11-343/1 |
| 110 | 1 |aCanada. |bParliament. |bSenate. |bStanding Committee on Banking, Trade and Commerce. |
| 245 | 10|aStanding Committee on Banking, Trade and Commerce, proceedings / |cChairman: The Honourable C. William Doody. |
| 260 | |bSenate. |
| 310 | |aIrregular |
| 362 | 1 |a3rd session, 34th parliament, 40-42 Elizabeth II, 1991-1993 |
| 546 | |aBilingual |
| 792 | |tComité permanent des banques et du commerce, délibérations / |efre|w(CaOODSP)9.510417 |